[Event "AUTO-OPEN-4165"]
[Site "http://www.queenalice.com/game.php?id=1609001"]
[Date "2020.4.23"]
[Round "1"]
[White "CCapivara"]
[Black "gilberth1"]
[Result "0-1"]
[WhiteElo "2132"]
[BlackElo "1829"]

1. e4 e6 2. d4 d5 3. exd5 exd5 4. Nf3 Nc6 5. Bd3 Bg4 6. c3 Qd7 7. O-O O-O-O 8.
Be3 Re8 9. Nbd2 Bd6 10. Qc2 Nge7 11. b4 Bf5 12. Rfe1 Bxd3 13. Qxd3 Qf5 14. Qf1
Qh5 15. h3 Nf5 16. a4 Nxe3 17. Rxe3 Rxe3 18. fxe3 Re8 19. Qd3 Qh6 20. Re1 Re6
21. e4 Bg3 22. Re2 Qg6 23. a5 Ne7 24. Qb5 c6 25. Qd3 dxe4 26. Rxe4 Nd5 27. Ne5
Bxe5 28. dxe5 Rxe5 29. Qd4 Rxe4 30. Nxe4 f5 31. Nc5 Qg3 32. c4 Qe3+ 33. Qxe3
Nxe3 34. Ne6 g6 35. b5 Nxc4 36. bxc6 Nxa5 37. cxb7+ Kxb7 38. Nf8 Nc4 39. Nxh7 a5
40. Ng5 a4 41. Nf3 a3 42. Nd4 a2 43. Nb3 Kb6 44. Kf2 Kb5 45. h4 Ka4 46. Na1 Ka3
0-1

[Event "AUTO-OPEN-4165"]
[Site "http://www.queenalice.com/game.php?id=1609002"]
[Date "2020.4.23"]
[Round "1"]
[White "gilberth1"]
[Black "clovis"]
[Result "1-0"]
[WhiteElo "1761"]
[BlackElo "1971"]

1. d4 d5 2. Nf3 Nf6 3. e3 Bf5 4. c4 e6 5. Qb3 b6 6. Nc3 Ne4 7. cxd5 Nxc3 8. dxe6
Nd5 9. exf7+ Kxf7 10. Ne5+ Kg8 11. Bc4 c6 12. Nxc6 1-0

[Event "AUTO-OPEN-4165"]
[Site "http://www.queenalice.com/game.php?id=1609003"]
[Date "2020.4.23"]
[Round "1"]
[White "clovis"]
[Black "gilberth1"]
[Result "0-1"]
[WhiteElo "1966"]
[BlackElo "1710"]

1. e4 e6 2. d4 d5 3. exd5 exd5 4. Nf3 Nc6 5. Bd3 Nf6 6. O-O Be7 7. Ne5 Nxd4 8.
Bxh7 Nc6 9. Nxc6 bxc6 10. Bd3 Qd6 11. Re1 Qxh2+ 12. Kf1 Qh1+ 0-1

[Event "AUTO-OPEN-4167"]
[Site "http://www.queenalice.com/game.php?id=1609688"]
[Date "2020.4.28"]
[Round "1"]
[White "gilberth1"]
[Black "Magogue"]
[Result "0-1"]
[WhiteElo "1877"]
[BlackElo "1616"]

1. d4 d5 2. Nf3 Nf6 3. Nc3 e6 4. e3 Nc6 5. Be2 Bb4 6. Bd2 O-O 7. O-O a6 8. Bd3
Re8 9. a3 Bxc3 10. Bxc3 h6 0-1

[Event "AUTO-OPEN-4167"]
[Site "http://www.queenalice.com/game.php?id=1609715"]
[Date "2020.4.28"]
[Round "1"]
[White "rfdc"]
[Black "gilberth1"]
[Result "0-1"]
[WhiteElo "1776"]
[BlackElo "1815"]

1. d4 d5 2. e3 e6 3. Nf3 Nf6 4. c4 Nc6 5. a3 Be7 6. c5 O-O 7. b4 e5 8. Bb5 exd4
9. Nxd4 Nxd4 10. exd4 a5 11. Bb2 axb4 12. axb4 Rxa1 13. Bxa1 Bg4 14. f3 Bd7 15.
Bxd7 Qxd7 16. O-O Nh5 17. Nc3 Nf4 18. Re1 Bf6 19. Ne2 Ne6 20. g3 Qb5 21. Qb3 Ra8
22. Nc3 Qd3 23. Qxd5 Rd8 24. Qe4 Bxd4+ 25. Kh1 Bxc3 26. Bxc3 Qxc3 27. f4 Rd4 28.
Qe2 Rxb4 29. f5 Rb2 30. Qe4 Qd2 31. Kg1 Qxh2+ 32. Kf1 Qf2# 0-1

[Event "AUTO-OPEN-4167"]
[Site "http://www.queenalice.com/game.php?id=1609716"]
[Date "2020.4.28"]
[Round "1"]
[White "gilberth1"]
[Black "rfdc"]
[Result "1-0"]
[WhiteElo "1742"]
[BlackElo "1810"]

1. d4 g6 2. e4 Bg7 3. Nc3 d6 4. Nf3 c6 5. Bc4 Nf6 6. O-O Nbd7 7. e5 dxe5 8. dxe5
Ng4 9. Bxf7+ Kf8 10. e6 Nge5 11. Nxe5 Bxe5 12. Bh6+ Bg7 13. Qd4 Bxh6 14. Qxh8#
1-0

[Event "AUTO-OPEN-4167"]
[Site "http://www.queenalice.com/game.php?id=1609735"]
[Date "2020.4.28"]
[Round "1"]
[White "gilberth1"]
[Black "Bigchess"]
[Result "1-0"]
[WhiteElo "1859"]
[BlackElo "1745"]

1. d4 d5 2. Nf3 e6 3. e3 Nf6 4. Nc3 Be7 5. Bd3 c6 6. O-O Nbd7 7. Re1 Qc7 8. e4
dxe4 9. Nxe4 Nxe4 10. Rxe4 Nf6 11. Rh4 Bd7 12. Ne5 h6 13. Bd2 Rf8 14. a4 O-O-O
15. a5 a6 16. c3 Nd5 17. Re4 Bf6 18. c4 Ne7 19. Bb4 Rde8 20. Bc5 Bxe5 21. dxe5
Rg8 22. Bd6 Qd8 23. c5 Nf5 24. Bxa6 Nxd6 25. exd6 bxa6 26. Rb4 Qf6 27. Qb3 Kd8
28. Rb8+ Bc8 29. Qb7 1-0

[Event "AUTO-OPEN-4167"]
[Site "http://www.queenalice.com/game.php?id=1609736"]
[Date "2020.4.28"]
[Round "1"]
[White "Bigchess"]
[Black "gilberth1"]
[Result "0-1"]
[WhiteElo "1734"]
[BlackElo "1870"]

1. d4 d5 2. Nf3 Nf6 3. e3 e6 4. Bd3 c5 5. dxc5 Bxc5 6. O-O O-O 7. Nc3 Nc6 8. a3
e5 9. Bb5 Re8 10. Re1 a6 11. Bxc6 bxc6 12. b4 Bd6 13. Bb2 a5 14. b5 Qc7 15. h3
Rb8 16. a4 Bb4 17. Rf1 Bxc3 18. Bxc3 cxb5 19. Bxe5 Rxe5 20. Nxe5 Qxe5 21. axb5
Rxb5 22. Qd2 Ne4 23. Qd3 Rc5 24. Ra3 Qg5 25. Rd1 Bxh3 26. Qf1 Rxc2 27. Rxa5 h6
28. Raxd5 f5 29. Rd8+ Kh7 30. Kh2 Qh4 0-1

[Event "AUTO-OPEN-4173"]
[Site "http://www.queenalice.com/game.php?id=1611967"]
[Date "2020.5.12"]
[Round "1"]
[White "ulisses67"]
[Black "gilberth1"]
[Result "1-0"]
[WhiteElo "1606"]
[BlackElo "1827"]

1. d4 d5 2. Nc3 e6 3. Bf4 Nf6 4. Nb5 Na6 5. e3 c6 6. Nc3 Qb6 7. Na4 Qa5+ 8. c3
b5 9. b4 Qxa4 10. Qxa4 bxa4 11. b5 1-0

[Event "AUTO-OPEN-4173"]
[Site "http://www.queenalice.com/game.php?id=1611968"]
[Date "2020.5.12"]
[Round "1"]
[White "gilberth1"]
[Black "ulisses67"]
[Result "0-1"]
[WhiteElo "1802"]
[BlackElo "1631"]

1. d4 g6 2. e4 Bg7 3. Nc3 e5 4. dxe5 Bxe5 5. Qd3 d6 6. Nf3 Bxc3+ 7. Qxc3 Nf6 8.
Bg5 Nbd7 9. O-O-O h6 10. Bxf6 Nxf6 0-1

[Event "AUTO-OPEN-4173"]
[Site "http://www.queenalice.com/game.php?id=1611987"]
[Date "2020.5.12"]
[Round "1"]
[White "rich"]
[Black "gilberth1"]
[Result "1-0"]
[WhiteElo "2089"]
[BlackElo "1779"]

1. d4 d5 2. c4 dxc4 3. e3 Be6 4. Nc3 c6 5. a4 Nf6 6. Nf3 g6 7. Be2 Bg7 8. Ne5 c5
9. Bxc4 Bxc4 10. Nxc4 cxd4 11. exd4 Nc6 12. Be3 1-0

[Event "AUTO-OPEN-4173"]
[Site "http://www.queenalice.com/game.php?id=1611988"]
[Date "2020.5.12"]
[Round "1"]
[White "gilberth1"]
[Black "rich"]
[Result "0-1"]
[WhiteElo "1775"]
[BlackElo "2093"]

1. d4 Nf6 2. Nf3 d5 3. e3 c5 4. Nc3 Bg4 5. dxc5 e6 6. Bb5+ Nc6 7. Bxc6+ bxc6 8.
h3 Bxf3 9. Qxf3 Bxc5 10. e4 O-O 11. O-O Nd7 0-1

[Event "AUTO-OPEN-4173"]
[Site "http://www.queenalice.com/game.php?id=1611997"]
[Date "2020.5.12"]
[Round "1"]
[White "josebaron"]
[Black "gilberth1"]
[Result "1-0"]
[WhiteElo "2440"]
[BlackElo "1881"]

1. e4 e6 2. Nc3 d5 3. exd5 exd5 4. d4 Bf5 5. Nf3 Nc6 6. Bd3 Bg4 7. Be2 Nf6 8.
O-O Be7 9. h3 Bf5 10. Bd3 Bxd3 11. Qxd3 O-O 12. a3 Re8 13. Re1 Qd7 14. Ne5 1-0

[Event "AUTO-OPEN-4173"]
[Site "http://www.queenalice.com/game.php?id=1611998"]
[Date "2020.5.12"]
[Round "1"]
[White "gilberth1"]
[Black "josebaron"]
[Result "0-1"]
[WhiteElo "1879"]
[BlackElo "2441"]

1. d4 d5 2. Nf3 Nf6 3. Nc3 e6 4. Bg5 Be7 5. e3 O-O 6. Bd3 h6 7. Bf4 c5 8. dxc5
Bxc5 9. O-O Nc6 10. Nb5 Qe7 11. Ne5 a6 12. Nxc6 bxc6 13. Nd4 Bb7 0-1